banner-ar

KNOW YOUR SHOPES / (Record no. 17877)

MARC details
000 -الفاتح
حقل البيانات ثابتة الطول 00361nam a2200145Ia 4500
008 - عناصر البيانات ثابتة الطول - معلومات عامة
حقل البيانات ثابتة الطول 140319s9999 xx 000 0 eng d
040 ## - مصدر الفهرسة
وكالة الفهرسة الأصلية GCL /
وكالة النسخ GCL
082 04 - رقم تصنيف ديوى العشرى
رقم التصنيف CH
رقم المادة 372.216
-- F F
100 1# - المدخل الرئيسى - إسم شخصى
الإسم الشخصى FOREBEL-KAN CO.
245 10 - بيان العنوان
العنوان KNOW YOUR SHOPES /
بيان المسئوليه,etc FOREBEL-KAN CO.
650 04 - المدخل الاضافى بالموضوع-مصطلح موضوعى
مصطلح موضوعي COUNTING
942 ## - عناصر المدخل الإضافي( كوها)
مصدر التصنيف او مخطط الترفيف Dewey Decimal Classification
Koha [default] item type كتاب
260 ## - PUBLICATION, DISTRIBUTION, ETC. (IMPRINT)
-- [S.N] :
-- FROEBEL- KAN CO
Holdings
حالة التراجع حالة الفقد حالة تلف ليس للاعارة المكان المؤقت الموقع الحالى تاريخ الاكتساب اجمالي اﻻعارات رقم الطلب الباركود تاريخ اخر مشاهدة تاريخ تفعيل السعر نوع وعاء كوها
        مكتبة القاهرة الكبرى مكتبة القاهرة الكبرى 03/26/2014   CH\372.216\F F 32291 03/26/2014 03/26/2014 كتاب

Powered By

EGPV